[Event "St Petersburg Korchnoi Memorial op"]
[Site "St Petersburg"]
[Date "2023.08.24"]
[Round "9"]
[White "Kotlyar, Anfisa"]
[Black "Borozdin, Leonid"]
[Result "0-1"]
[WhiteElo "1384"]
[BlackElo "1474"]
[PlyCount "82"]
[EventDate "2023.08.18"]
[EventType "swiss"]
[EventRounds "9"]
[EventCountry "RUS"]
[SourceTitle "EXT 2024"]
[Source "ChessBase"]
[SourceDate "2023.10.10"]
[SourceVersion "1"]
[SourceVersionDate "2023.10.10"]
[SourceQuality "1"]

1. e4 e6 2. d4 d5 3. Nd2 c5 4. Ngf3 Nf6 5. e5 Nfd7 6. c4 Nb6 7. a3 cxd4 8. Nxd4 dxc4 9. Nxc4 Nxc4 10. Bxc4 Qa5+ 11. Qd2 Qxe5+ 12. Qe3 Qxe3+ 13. Bxe3 a6 14. 0-0 Be7 15. b4 0-0 16. Rfd1 Bd7 17. Nf3 Bc6 18. Ne5 Bf6 19. Bf4 Ba4 20. Rd3 Nc6 21. Re1 Nxe5 22. Bxe5 Bxe5 23. Rxe5 Rac8 24. Rd4 Rfd8 25. Rxd8+ Rxd8 26. f3 Rc8 27. Bd3 g6 28. Be4 Rc7 29. Kf2 f5 30. Bb1 Kf7 31. Re3 Rc1 32. Ba2 Rc2+ 33. Re2 Rxe2+ 34. Kxe2 Kf6 35. f4 Bc6 36. g3 e5 37. Ke3 g5 38. h4 exf4+ 39. gxf4 gxh4 40. Bb3 h3 41. Kf2 h2 0-1

[Event "Chigorin Memorial 29th"]
[Site "St Petersburg"]
[Date "2022.10.30"]
[Round "9"]
[White "Borozdin, Leonid"]
[Black "Chernov, Lev"]
[Result "0-1"]
[WhiteElo "1320"]
[BlackElo "1698"]
[PlyCount "98"]
[EventDate "2022.10.22"]
[EventType "swiss"]
[EventRounds "9"]
[EventCountry "RUS"]
[SourceTitle "EXT 2024"]
[Source "ChessBase"]
[SourceDate "2023.10.10"]
[SourceVersion "1"]
[SourceVersionDate "2023.10.10"]
[SourceQuality "1"]

1. e4 e5 2. Nf3 Nc6 3. Bb5 a6 4. Ba4 Nf6 5. 0-0 b5 6. Bb3 Bc5 7. Re1 d6 8. h3 Na5 9. d4 exd4 10. Nxd4 Bxd4 11. Qxd4 c5 12. Qd2 c4 13. e5 dxe5 14. Rxe5+ Be6 15. Qc3 cxb3 16. axb3 Nb7 17. Qc6+ Qd7 18. Qxd7+ Kxd7 19. Nc3 Rhc8 20. f4 Nd6 21. g4 g6 22. Be3 Kc6 23. Bc5 Nb7 24. Bf2 Nd7 25. Re2 Nf8 26. Bh4 Re8 27. Rae1 Bd7 28. Ne4 Nd6 29. Nf6 Rxe2 30. Rxe2 Be6 31. Bf2 h6 32. Be3 Nd7 33. Bd4 Nxf6 34. Bxf6 Re8 35. Be5 Bd5 36. Rd2 Nb7 37. Kf2 Nc5 38. Rd4 Ne6 39. Rd2 g5 40. Kg3 f6 41. Bxf6 gxf4+ 42. Kh4 f3 43. Kg3 Nc5 44. Kf4 Ne4 45. Rd1 Nxf6 46. c4 bxc4 47. bxc4 Bxc4 48. Rc1 f2 49. b3 f1Q+ 0-1

[Event "Chigorin Memorial 29th"]
[Site "St Petersburg"]
[Date "2022.10.28"]
[Round "7"]
[White "Borozdin, Leonid"]
[Black "Frolov, Zakhar"]
[Result "1-0"]
[WhiteElo "1320"]
[BlackElo "1480"]
[PlyCount "95"]
[EventDate "2022.10.22"]
[EventType "swiss"]
[EventRounds "9"]
[EventCountry "RUS"]
[SourceTitle "EXT 2024"]
[Source "ChessBase"]
[SourceDate "2023.10.10"]
[SourceVersion "1"]
[SourceVersionDate "2023.10.10"]
[SourceQuality "1"]

1. e4 e5 2. Nf3 Nc6 3. Bb5 a6 4. Ba4 d6 5. 0-0 Nf6 6. Re1 g6 7. c3 Bg7 8. h3 0-0 9. d4 b5 10. Bc2 Bb7 11. Nbd2 Qe7 12. d5 Nb8 13. c4 b4 14. a3 bxa3 15. Rxa3 Nbd7 16. Nb3 Rfb8 17. Na5 Qf8 18. b4 h6 19. Ba4 Kh7 20. Nxb7 Rxb7 21. Bc6 Rxb4 22. Bxa8 Qxa8 23. Ra4 Qb7 24. Bd2 Rb3 25. Ra1 Nc5 26. Rb1 Rxb1 27. Qxb1 Qc8 28. Bb4 Ncd7 29. Qc2 Qb7 30. Ba3 Qb6 31. Rb1 Qa5 32. Bb4 Qb6 33. Bd2 Qc5 34. Qa4 Nb6 35. Qxa6 Nxe4 36. Be3 Qxc4 37. Rxb6 Qxd5 38. Rc6 f5 39. Rxc7 f4 40. Qa7 Qg8 41. Bc1 Kh8 42. Qb7 Nc5 43. Qc8 Bf8 44. Ra7 Bg7 45. Qc6 Qe6 46. Ba3 Qc4 47. Bxc5 dxc5 48. Qxg6 1-0

[Event "Chigorin Memorial 29th"]
[Site "St Petersburg"]
[Date "2022.10.22"]
[Round "1"]
[White "Borozdin, Leonid"]
[Black "Seleznev, Mikhail V"]
[Result "0-1"]
[WhiteElo "1320"]
[BlackElo "1992"]
[PlyCount "170"]
[EventDate "2022.10.22"]
[EventType "swiss"]
[EventRounds "9"]
[EventCountry "RUS"]
[SourceTitle "EXT 2024"]
[Source "ChessBase"]
[SourceDate "2023.10.10"]
[SourceVersion "1"]
[SourceVersionDate "2023.10.10"]
[SourceQuality "1"]

1. e4 c5 2. Nf3 d6 3. d4 cxd4 4. Nxd4 Nf6 5. Nc3 a6 6. Bc4 e6 7. a4 Nc6 8. Be3 Be7 9. Nxc6 bxc6 10. a5 c5 11. e5 dxe5 12. Qxd8+ Bxd8 13. Bxc5 Bb7 14. Bd6 Rc8 15. Bb3 Nd7 16. 0-0 Nc5 17. Na4 Nxb3 18. cxb3 f6 19. Nc5 Bd5 20. Nd3 Kd7 21. Bb4 Be7 22. Bxe7 Kxe7 23. Rfc1 Kd6 24. b4 Rxc1+ 25. Rxc1 Rb8 26. f3 f5 27. Nc5 Rxb4 28. Nxa6 Rxb2 29. Nc7 Bc6 30. Nxe6 Bxf3 31. gxf3 Kxe6 32. Rc6+ Kd7 33. Rc5 Kd6 34. Rc8 Ra2 35. Rg8 g6 36. Rg7 Rxa5 37. Rxh7 Kd5 38. Rd7+ Ke6 39. Rb7 Rd5 40. Rb6+ Rd6 41. Rb4 g5 42. h4 gxh4 43. Rxh4 Rd2 44. Rh6+ Ke7 45. Ra6 Rd6 46. Ra5 Kf6 47. Kf2 Rd4 48. Ke3 Rb4 49. Rc5 Ke6 50. Ra5 Rb3+ 51. Ke2 Rc3 52. Rb5 Ra3 53. Kf2 Kf6 54. Ke2 Ke6 55. Kf2 Rd3 56. Ke2 Rd5 57. Rb6+ Rd6 58. Rb5 Kf6 59. Ra5 Re6 60. Ke3 Kg5 61. Ra4 Rb6 62. Rc4 Rb3+ 63. Ke2 Ra3 64. Rb4 Ra5 65. Ke3 Rd5 66. Ra4 Rc5 67. Kd3 f4 68. Ra3 Kh4 69. Ke4 Kg3 70. Rb3 Rc1 71. Kxe5 Re1+ 72. Kd4 Kf2 73. Rb8 Kxf3 74. Rg8 Kf2 75. Kd3 f3 76. Rf8 Kg2 77. Rg8+ Kf1 78. Rf8 f2 79. Rg8 Re2 80. Ra8 Re5 81. Kd2 Re2+ 82. Kd3 Re1 83. Kd2 Kg2 84. Rg8+ Kh3 85. Rh8+ Kg4 0-1